000 01351nam a22004217a 4500
003 OSt
005 20260407091916.0
007 ta
008 260407s2025 ag ||||| |||| 00| 0 spa d
020 _a9786316663405
040 _ccj catamarca
082 _a352 L879m
100 1 0 _9305
_aLosa, Nestor Osvaldo
245 1 0 _aMunicipios y cartas organicas:
_bMedio ambiente. Justicia y faltas. Consumidores
250 _a1º ed.
260 _aResistencia:
_bConTexto,
_c2025
300 _a188 p.
_c22 cm
500 _aINVENTARIO Nº 8140
650 7 _2SAIJ
653 _aDERECHO MUNICIPAL
653 _aMUNICIPALIDAD-CARTA ORGANICA
653 _aMUNICIPIO-GOBIERNO
653 _aMUNICIPIO-POLITICAS PUBLICAS
653 _aCARTA ORGANICA-CONSEJOS
653 _aLEY 27.742-USUARIO-CONSUMIDOR
653 _aDNU 70/23
653 _aFALTAS-CONTRAVENCIONES-CONSUMIDOR
653 _aMUNICIPIO-AUTONOMIA JUDICIAL
653 _aLEY 23.191
653 _aPACTO DE SAN JOSE DE COSTA RICA
653 _aPODER JUDICIAL MUNICIPAL
653 _aDERECHO CONTRAVENCIONAL-DERECHO ADMINISTRATIVO SANCIONADOR
653 _aTRIBUNAL MUNICIPAL-PARTICIPACION POPULAR
653 _aESPACIOS PUBLICOS
653 _aJURISPRUDENCIA
856 _uhttps://drive.google.com/file/d/1tPy2PSkdaRo1xHrMw0ymNKZMsKvSnW8j/view?usp=sharing
942 _2ddc
_cBK
_n0
999 _c6517
_d6517